Normal view
MARC view
- الغانمي، سعيد؛خالد سليمان؛خليل الشيخ وأخرون؛تحرير فخري صالح
Entry Personal Name
001 - CONTROL NUMBER
- control field: 10338
003 - CONTROL NUMBER IDENTIFIER
- control field: JO-AjAnu
005 - DATE AND TIME OF LATEST TRANSACTION
- control field: 20230606071948.0
008 - FIXED-LENGTH DATA ELEMENTS
- fixed length control field: 230606|| aca||aabn | a|a d
040 ## - CATALOGING SOURCE
- Original cataloging agency: JO-AjAnu
- Transcribing agency: JO-AjAnu
100 ## - HEADING--PERSONAL NAME
- Personal name: الغانمي، سعيد؛خالد سليمان؛خليل الشيخ وأخرون؛تحرير فخري صالح
670 ## - SOURCE DATA FOUND
- Source citation: Work cat.: (JO-AjAnu)5324: الغانمي، سعيد؛خالد سليمان؛خليل الشيخ وأخرون؛تحرير فخري صالح, author, دراسات نقدية في اعمال السيّاب،حاوي،دنقل،جبرا